| 000 | 00796cam a22002898a 4500 | ||
|---|---|---|---|
| 001 | 683255 | ||
| 003 | ARRUPE | ||
| 005 | 20131001164020.0 | ||
| 008 | 880927s1988 nyu 000 1 eng | ||
| 010 | _a 88004552 | ||
| 035 | _a(OCoLC)17648856 | ||
| 035 | _a(OCoLC)ocm17648856 | ||
| 035 | _a(CStRLIN)NYCG88-B69547 | ||
| 035 | _a(NNC)683255 | ||
| 040 |
_dCOc _cu |
||
| 050 | 0 |
_aPS3558.E476 _bP5 1988 |
|
| 082 | 0 |
_a813/.54 _219 |
|
| 090 |
_aPS3558.E476 _bP5 1988 |
||
| 100 | 1 |
_aHeller, Joseph. _91944 |
|
| 245 | 1 | 0 |
_aPicture this / _cJoseph Heller. |
| 260 |
_aNew York : _bPutnam, _cc1988. |
||
| 300 |
_a352 p. ; _c24 cm. |
||
| 600 | 0 | 0 |
_aRembrandt Harmenszoon van Rijn, _d1606-1669 _vFiction. _91945 |
| 600 | 0 | 0 |
_aAristotle _vFiction. _91946 |
| 942 |
_2lcc _cMONOGRAPH |
||
| 999 |
_c118206 _d118206 |
||